| 000 | 01122nac a22002291u 4500 | ||
|---|---|---|---|
| 020 | _a0230004768 (pbk.) : | ||
| 020 | _a9780230004764 (pbk.) : | ||
| 082 |
_a330.156 22 _bKEY |
||
| 090 |
_c8405 _d8405 |
||
| 100 | _aKeynes, John Maynard | ||
| 245 |
_aThe general theory of employment, interest and money / _cJohn Maynard Keynes. |
||
| 260 |
_aBasingstoke : _bPalgrave Macmillan for the Royal Economic Society, 2007. _cc2007. |
||
| 300 |
_axxxviii, 428 p. ; _bill.; _c24 cm. |
||
| 500 | _aDistributer: Al-Ahram | ||
| 500 | _aReprinted with an Editorial introduction and prefaces to the German, Japanese and French eds. from the 1974 Collected writings printing and a new introduction by Paul Krugman - Main text originally published: London : Macmillan, 1936. | ||
| 504 | _aIncludes bibliographical references and index. | ||
| 511 | _aCatalogued by: Sara | ||
| 650 | _aEconomics. | ||
| 710 | _aRoyal Economic Society (Great Britain) | ||
| 942 |
_cBB _k330.156 22 KEY |
||
| 999 |
_c8405 _d8405 |
||